Christie's : Review of the year 1967/1968

Tallennettuna:
Bibliografiset tiedot
Aineistotyyppi: Kirja
Kieli:Undetermined
Julkaistu: London Newma Neame 1968
Aiheet:
Tagit: Lisää tagi
Ei tageja, Lisää ensimmäinen tagi!
Thư viện lưu trữ: Trung tâm Học liệu Trường Đại học Cần Thơ
LEADER 00472nam a2200181Ia 4500
001 CTU_104816
008 210402s9999 xx 000 0 und d
020 |c 9 
082 |a 707 
082 |b C555/1968 
245 0 |a Christie's : 
245 0 |b Review of the year 1967/1968 
260 |a London 
260 |b Newma Neame 
260 |c 1968 
650 |a Christie, manson & woods,Art auctions 
904 |i M.Loan 
980 |a Trung tâm Học liệu Trường Đại học Cần Thơ